| 000 | 00389nam a2200145Ia 4500 | ||
|---|---|---|---|
| 008 | 230312s9999||||xx |||||||||||||| ||und|| | ||
| 020 | _a81-239-1863-1 | ||
| 082 |
_a612 _bGAR-H |
||
| 100 | _aGarg;Krishna | ||
| 245 | 0 | _aBD Chaurasia's Human Anatomy-Regional and Applied Dissection and Clinical-1 | |
| 260 |
_bCBS _aIndia _c2010 |
||
| 300 | _a296 | ||
| 650 |
_aMedical _vAnatomy |
||
| 942 | _cBK | ||
| 999 |
_c9969 _d9969 |
||